| 000 | 00402nam a2200145 i 4500 | ||
|---|---|---|---|
| 001 | bg | ||
| 100 | 1 | _aCHOLEWIAK, Stanisław | |
| 245 | 0 |
_aNacjonalizm w partiach zachodnio-niemieckich : _bCDU, CSU, SPD, FDP w latach 1949-174 / _cS. Cholewiak. |
|
| 260 |
_aWarszawa, _c1984. |
||
| 040 | _cBPK | ||
| 041 | _apol | ||
| 080 | _a329:172.1(430.1) | ||
| 942 | _cKS | ||
| 008 | s pl f |000 0 pol | ||
| 999 |
_c2341 _d2341 |
||
| 856 |
_uhttp://koha.tu.koszalin.pl/cgi-bin/koha/opac-detail.pl?biblionumber=2341 _yKatalog online BPK |
||